[Event "Geneve Bois Gentil op"]
[Site "Geneve"]
[Date "2020.02.28"]
[Round "6"]
[White "Viviani, Mario"]
[Black "Maulet, Manuel"]
[Result "0-1"]
[WhiteElo "1755"]
[BlackElo "1752"]
[PlyCount "40"]
[EventDate "2020.01.10"]
[EventType "swiss"]
[EventRounds "7"]
[EventCountry "SUI"]
[SourceTitle "CBM 195 Extra"]
[Source "ChessBase"]
[SourceDate "2020.05.31"]
[SourceVersion "1"]
[SourceVersionDate "2020.05.31"]
[SourceQuality "1"]

1. b3 Nf6 2. Bb2 d6 3. e3 g6 4. f4 Bg7 5. Nf3 0-0 6. c4 Nc6 7. Nc3 e5 8. Ne2 e4 9. Nfd4 Nb4 10. Nc1 Nh5 11. g3 c5 12. a3 Nd3+ 13. Nxd3 exd3 14. Bxd3 cxd4 15. exd4 Re8+ 16. Be2 Bg4 17. Qc2 Rxe2+ 18. Kf1 Nxf4 19. h3 Nxh3 20. Rxh3 Qf6+ 0-1

[Event "Geneve Bois Gentil op"]
[Site "Geneve"]
[Date "2020.01.10"]
[Round "1"]
[White "Dellenbach, Jean Paul"]
[Black "Viviani, Mario"]
[Result "0-1"]
[WhiteElo "1466"]
[BlackElo "1755"]
[PlyCount "48"]
[EventDate "2020.01.10"]
[EventType "swiss"]
[EventRounds "7"]
[EventCountry "SUI"]
[SourceTitle "CBM 195 Extra"]
[Source "ChessBase"]
[SourceDate "2020.05.31"]
[SourceVersion "1"]
[SourceVersionDate "2020.05.31"]
[SourceQuality "1"]

1. e4 c6 2. d4 d5 3. e5 Bf5 4. h4 Na6 5. c3 Qb6 6. Nf3 e6 7. Be2 c5 8. Be3 0-0-0 9. Ng5 Nh6 10. b3 cxd4 11. Bxd4 Bc5 12. g4 Bxd4 13. cxd4 Bxb1 14. Rxb1 f6 15. exf6 gxf6 16. Qc2+ Kb8 17. Nxh7 Nb4 18. Qg6 Qxd4 19. Qxh6 Qe4 20. 0-0 Qxe2 21. Qf4+ e5 22. Qxb4 Rxh7 23. h5 Rxh5 24. Rbe1 Qf3 0-1

[Event "Bois Gentil op"]
[Site "Geneve"]
[Date "2017.02.24"]
[Round "6"]
[White "Champoud, Gilles"]
[Black "Viviani, Mario"]
[Result "1/2-1/2"]
[WhiteElo "1559"]
[BlackElo "1731"]
[PlyCount "73"]
[EventDate "2017.01.13"]
[EventType "swiss"]
[EventRounds "7"]
[EventCountry "SUI"]
[SourceTitle "EXT 2018"]
[Source "ChessBase"]
[SourceDate "2017.10.13"]
[SourceVersion "1"]
[SourceVersionDate "2017.10.13"]
[SourceQuality "1"]

1. e4 c6 2. d4 g6 3. b3 Bg7 4. Bb2 Nh6 5. Nf3 d5 6. e5 0-0 7. Nbd2 f6 8. c4 fxe5 9. dxe5 Nf7 10. Bd3 Be6 11. 0-0 Nd7 12. Re1 Qb6 13. Nd4 c5 14. Nxe6 Qxe6 15. cxd5 Qxd5 16. Bc4 Qc6 17. Bxf7+ Rxf7 18. e6 Rxf2 19. Kxf2 Bxb2 20. exd7 Bd4+ 21. Kf1 Rf8+ 22. Nf3 Qxd7 23. Rb1 Qc7 24. g3 Qc6 25. Kg2 g5 26. g4 h5 27. h3 h4 28. Qe2 Rf6 29. Qe4 Qd6 30. Nxd4 Qg3+ 31. Kh1 Qxh3+ 32. Kg1 cxd4 33. Qd5+ e6 34. Qxg5+ Kf7 35. Qh5+ Ke7 36. Qc5+ Kf7 37. Qh5+ 1/2-1/2

[Event "Bois Gentil op"]
[Site "Geneve"]
[Date "2017.02.10"]
[Round "5"]
[White "Viviani, Mario"]
[Black "Mabrouk, Ouatas"]
[Result "1-0"]
[WhiteElo "1731"]
[BlackElo "1357"]
[PlyCount "61"]
[EventDate "2017.01.13"]
[EventType "swiss"]
[EventRounds "7"]
[EventCountry "SUI"]
[SourceTitle "EXT 2018"]
[Source "ChessBase"]
[SourceDate "2017.10.13"]
[SourceVersion "1"]
[SourceVersionDate "2017.10.13"]
[SourceQuality "1"]

1. e4 e5 2. Nf3 Nc6 3. Bb5 a6 4. Ba4 Qf6 5. d3 b5 6. Bb3 Nd4 7. Nbd2 Ne7 8. c3 Nxf3+ 9. Nxf3 Bb7 10. Bg5 Qg6 11. h4 Nc6 12. h5 Qd6 13. Qe2 h6 14. Be3 Be7 15. Rd1 Bf6 16. d4 Qe7 17. d5 Na5 18. Bc2 Nc4 19. Bc1 g5 20. hxg6 fxg6 21. b3 Nb6 22. Qe3 Bg7 23. Nh4 Qf7 24. d6 Qe6 25. Rh3 cxd6 26. Qxb6 Bc6 27. Rg3 g5 28. Nf5 d5 29. Nxg7+ Ke7 30. Nxe6 Kxe6 31. exd5+ 1-0

[Event "Geneve op 32nd"]
[Site "Geneve"]
[Date "2015.08.04"]
[Round "1"]
[White "Migot, Tangi"]
[Black "Viviani, Mario"]
[Result "1-0"]
[WhiteElo "2372"]
[BlackElo "1751"]
[PlyCount "55"]
[EventDate "2015.08.04"]
[EventType "swiss"]
[EventRounds "7"]
[EventCountry "SUI"]
[SourceTitle "EXT 2016"]
[Source "ChessBase"]
[SourceDate "2015.10.08"]
[SourceVersion "1"]
[SourceVersionDate "2015.10.08"]
[SourceQuality "1"]

1. e4 c6 2. d4 d5 3. Nd2 dxe4 4. Nxe4 Bf5 5. Ng3 Bg6 6. h4 h6 7. Nf3 Nd7 8. h5 Bh7 9. Bd3 Bxd3 10. Qxd3 Ngf6 11. Bd2 e6 12. 0-0-0 Be7 13. Kb1 Qc7 14. Ne4 Nxe4 15. Qxe4 Nf6 16. Qe2 0-0-0 17. c4 Rhe8 18. g3 Bf8 19. Bf4 Bd6 20. Ne5 Re7 21. Rd3 Nd7 22. Rhd1 c5 23. dxc5 Nxc5 24. Nxf7 Rxf7 25. Bxd6 Qc6 26. Bxc5 Rxd3 27. Qxd3 b6 28. Be3 1-0

[Event "Bois Gentil op"]
[Site "Geneve"]
[Date "2015.01.23"]
[Round "3"]
[White "Champoud, Gilles"]
[Black "Viviani, Mario"]
[Result "0-1"]
[WhiteElo "1520"]
[BlackElo "1803"]
[PlyCount "84"]
[EventDate "2015.01.09"]
[EventType "swiss"]
[EventRounds "7"]
[EventCountry "SUI"]
[SourceTitle "EXT 2016"]
[Source "ChessBase"]
[SourceDate "2015.10.08"]
[SourceVersion "1"]
[SourceVersionDate "2015.10.08"]
[SourceQuality "1"]

1. e4 c5 2. Nf3 Nc6 3. d4 cxd4 4. Nxd4 g6 5. b3 Bg7 6. Bb2 Qb6 7. c3 a6 8. Na3 d6 9. Nc4 Qc7 10. a4 b6 11. Nxc6 Qxc6 12. Qd5 Qxd5 13. exd5 Rb8 14. Be2 Nf6 15. Bf3 g5 16. g3 Bf5 17. 0-0 g4 18. Rfe1 Kd7 19. Bg2 Rhc8 20. Ne3 Bg6 21. c4 h5 22. f4 Ne8 23. Bxg7 Nxg7 24. h3 Nf5 25. hxg4 Nxg3 26. gxh5 Bxh5 27. Bh3+ e6 28. dxe6+ fxe6 29. Bxe6+ Kxe6 30. Nd5+ Ne2+ 31. Kf2 b5 32. Nc3 bxc4 33. Nxe2 cxb3 34. Ng3+ Kf7 35. Nxh5 Rc2+ 36. Kf1 b2 37. Reb1 Rb3 38. Kg1 Rh3 39. Rf1 Rxh5 40. Rfd1 Ke7 41. Re1+ Kd7 42. Rf1 Rhh2 0-1

[Event "Guernsey Holiday op"]
[Site "Guernsey"]
[Date "2008.10.24"]
[Round "6"]
[White "Viviani, Mario"]
[Black "Finch, J Russell"]
[Result "1-0"]
[WhiteElo "1733"]
[BlackElo "1603"]
[PlyCount "43"]
[EventDate "2008.10.19"]
[EventType "swiss"]
[EventRounds "7"]
[EventCountry "GCI"]
[SourceTitle "EXT 2011"]
[Source "ChessBase"]
[SourceDate "2010.11.26"]
[SourceVersion "1"]
[SourceVersionDate "2010.11.26"]
[SourceQuality "1"]

1. c4 Nf6 2. Nc3 g6 3. e4 d6 4. d4 Bg7 5. Be3 0-0 6. Bd3 e5 7. h3 Nc6 8. Nge2 exd4 9. Nxd4 Re8 10. Rc1 Nxd4 11. Bxd4 c6 12. 0-0 Nh5 13. Be2 Bxd4 14. Qxd4 Qg5 15. Bxh5 gxh5 16. f4 Qh4 17. f5 d5 18. cxd5 cxd5 19. Nxd5 Qd8 20. Rf3 Qg5 21. Nf6+ Kf8 22. Nxh7+ 1-0